000 00455nab a2200145Ia 4500
003 ES-SlBCS
005 20210601130615.0
008 140529s1978 xxu||||| |||| 00| 0 fre d
041 _afre
100 1 _aThermoz, Edouard
_9175229
245 0 0 _aRemarques sur la philosophie latente dans l'oeuvre de Kurt Goldstein
_c Edouard Thermoz
600 1 4 _aGoldstein, Kurt
_915128
773 0 _tLes Etudes Philosophiques
_g1978, págs. 333-346
_wRev1449
942 _cAR
999 _c549416
_d549416